| 000 | 00477nam a2200181Ia 4500 | ||
|---|---|---|---|
| 005 | 20260429111853.0 | ||
| 008 | 260429s9999||||xx |||||||||||||| ||und|| | ||
| 020 | _a9781835357361 | ||
| 041 | _aEnglish | ||
| 082 |
_a364.019 _bPAT |
||
| 100 | _aFletcher, Patrick | ||
| 245 | 0 |
_aPsychology and crime / _cPatrick Fletcher |
|
| 260 |
_aUnited Kingdom : _bEd-Tech Press, _c2025. |
||
| 300 | _aviii, 275 p.; hb | ||
| 650 | _a Psychology | ||
| 650 | _aCriminology | ||
| 942 | _cTB | ||
| 999 |
_c51218 _d51218 |
||